000 00714cas a22002175a 4500
001 L122722
008 030624c2001 xxkqr p 0 a0eng u
022 1 _a1474-2667
035 _a(Sirsi) u122722
041 0 _aeng
110 2 _aInternational Accounting Standards Committee
245 _aIASB Insight
_bThe Newsletter of the International Accounting Standards Board
260 _aLondon
_bIASCF
_c2001-
362 0 _aOctober 2002-January/February 2006
520 _aKept for five years
554 _aFour per year
651 4 _aUnited Kingdom
_y
690 _aMANAGEMENT-BUSINESS MANAGEMENT-PROFESSIONAL PRACTICE
710 2 _aInternational Accounting Standards Committee Foundation
_94618
942 _n0
999 _c118780
_d118780